000 00518nam a22001937a 4500
003 MPLRDC
005 20220104200355.0
008 210129b ||||| |||| 00| 0 eng d
020 _a978-986-373-268-6
082 _a297 BKXY v.10
100 _a廖惠玲 主编
245 _a神秘现象 未解之谜
_c
250 _a三版
260 _a台湾
_b人类智库数位科技股份有限公司
_c2015
300 _b
490 _a不可思议: 10
650 _a异象奇闻;奇迹
942 _cBK
_o297 BKXY v.10
999 _c66668
_d66658